Statistics for Countries With the Letter H

Click here to take the quiz!

General Stats

  • This quiz has been taken 104 times
  • The average score is 25 of 32

Answer Stats

Countries% Correct
Hungary
96%
Haiti
90%
Honduras
90%
Chile
88%
China
87%
Netherlands
87%
South Korea
87%
North Korea
85%
South Africa
85%
South Sudan
84%
Afghanistan
83%
Kazakhstan
83%
Bhutan
82%
Chad
80%
Lithuania
79%
Thailand
79%
Bahrain
78%
North Macedonia
78%
Bangladesh
77%
Ghana
77%
Philippines
77%
Lesotho
76%
Liechtenstein
74%
Seychelles
74%
Ethiopia
73%
Marshall Islands
72%
Bosnia and
Herzegovina
71%
Bahamas
68%
Czech Republic
67%
Democratic Republic
of the Congo
61%
Republic of
the Congo
60%
Saint Vincent and
the Grenadines
55%

Score Distribution

Percentile by Number Answered

Percent of People with Each Score

Your Score History

You have not taken this quiz